000 01608cam a2200337 a 4500
999 _c3018
_d3018
001 16609435
003 GZU
005 20201112112601.0
008 110113s2011 enk b 001 0 eng
010 _a 2011000597
020 _a9780415499842 (hardcover)
020 _a9780415499835 (pbk.)
020 _a9780203810187 (ebook)
035 _a(OCoLC)ocn696943300
040 _aDLC
_cDLC
_dYDX
_dCDX
_dYDXCP
_dDLC
050 0 0 _aJZ5588
_b.B47 2011
082 0 0 _a355/.033
_222
100 1 _aBeswick, Danielle.
245 1 0 _aConflict, security, and development :
_ban introduction /
_cDanielle Beswick and Paul Jackson.
260 _aMilton Park, Abingdon, Oxon [England] ;
_aNew York :
_bRoutledge,
_cc2011.
300 _ax, 173 p. ;
_c25 cm.
504 _aIncludes bibliographical references and index.
505 0 _aAre security and development mutually reinforcing? -- What does conflict look like in the developing world? -- How do people analyse conflict? -- Refugees and internal displacement -- Conflict and the role of development actors -- International intervention and peacekeeping -- Privatisation of security -- Security and justice after conflict -- Future issues in the pursuit of security and development.
650 0 _aSecurity, International.
650 0 _aPolitical violence
_xEconomic aspects
650 0 _aEconomic development
_xPolitical aspects.
700 1 _aJackson, Paul,
_d1968 April 24-
906 _a7
_bcbc
_corignew
_d1
_eecip
_f20
_gy-gencatlg
942 _2lcc
_cBK
_h5588
_iBES
_kJZ
_m2011